[Event "Vicente Lopez ProAm 100 Years op"]
[Site "Buenos Aires"]
[Date "2022.10.13"]
[Round "3"]
[White "Carcamo, Matias"]
[Black "Toniutti, Ezio"]
[Result "1-0"]
[WhiteElo "2052"]
[BlackElo "2237"]
[PlyCount "111"]
[EventDate "2022.10.11"]
[EventType "swiss"]
[EventRounds "9"]
[EventCountry "ARG"]
[SourceTitle "CBM 210 Extra"]
[Source "ChessBase"]
[SourceDate "2022.11.30"]
[SourceVersion "1"]
[SourceVersionDate "2022.11.30"]
[SourceQuality "1"]

1. e4 e5 2. Nf3 Nc6 3. Bb5 a6 4. Ba4 Nf6 5. d3 d6 6. 0-0 g6 7. Be3 Bg7 8. Nbd2 0-0 9. c3 b5 10. Bb3 Re8 11. Ng5 Re7 12. f4 h6 13. Ngf3 Ng4 14. Qe2 Nxe3 15. Qxe3 exf4 16. Qxf4 Be6 17. Bc2 Ne5 18. Nd4 Bd7 19. Rae1 Re8 20. N2f3 Qe7 21. Qd2 Rad8 22. Bb3 Rf8 23. Ne2 c6 24. Nf4 Kh7 25. d4 Nxf3+ 26. Rxf3 Rde8 27. Bc2 Qh4 28. Ref1 Bc8 29. Rg3 c5 30. e5 dxe5 31. Nxg6 fxg6 32. Bxg6+ Kg8 33. Bxe8 Rxe8 34. dxc5 Be6 35. Qd6 Kh8 36. Rxg7 Kxg7 37. Qxe5+ Kh7 38. Rf6 Qg4 39. h3 Qd1+ 40. Kh2 Qd5 41. Qc7+ Bd7 42. c6 Re7 43. cxd7 Rg7 44. Rf2 Rxd7 45. Qf4 Re7 46. Rd2 Qe5 47. Qxe5 Rxe5 48. Kg3 Re6 49. Kf4 Kg6 50. g4 Kf6 51. h4 Rc6 52. a3 a5 53. Rd4 Kg6 54. Ke5 h5 55. Rd6+ Rxd6 56. gxh5+ 1-0

[Event "FIDE World Cup American Qual Gp5"]
[Site "Tornelo INT"]
[Date "2021.05.23"]
[Round "1.2"]
[White "Plotkin, Mark"]
[Black "Carcamo, Matias"]
[Result "1-0"]
[WhiteElo "2430"]
[BlackElo "2103"]
[PlyCount "59"]
[EventDate "2021.05.22"]
[EventType "k.o. (rapid)"]
[EventRounds "4"]
[EventCountry "USA"]
[SourceTitle "CBM 202 Extra"]
[Source "ChessBase"]
[SourceDate "2021.07.31"]
[SourceVersion "1"]
[SourceVersionDate "2021.07.31"]
[SourceQuality "1"]

1. e4 c6 2. Nc3 d5 3. d4 dxe4 4. Nxe4 Nf6 5. Nxf6+ exf6 6. c3 Bd6 7. Bd3 Qc7 8. Qh5 Be6 9. Be3 Nd7 10. Ne2 0-0-0 11. 0-0 f5 12. Qf3 Bxh2+ 13. Kh1 g6 14. Nf4 Bxf4 15. Bxf4 Qb6 16. a4 g5 17. a5 Qb3 18. Bxg5 Rdg8 19. Qe3 f4 20. Bxf4 Qd5 21. f3 Qh5+ 22. Bh2 Kd8 23. a6 b6 24. Qf4 Ke7 25. Rae1 Rg5 26. Qd6+ Kd8 27. Qc7+ Ke7 28. f4 Rxg2 29. f5 Rhg8 30. f6+ 1-0

[Event "American World Cup Q Prelim"]
[Site "Tornelo INT"]
[Date "2021.05.09"]
[Round "7"]
[White "Carcamo, Matias"]
[Black "Amigo Quintana, Antu"]
[Result "1-0"]
[WhiteElo "2103"]
[BlackElo "1788"]
[PlyCount "120"]
[EventDate "2021.05.08"]
[EventType "swiss (rapid)"]
[EventRounds "9"]
[EventCountry "USA"]
[SourceTitle "CBM 202 Extra"]
[Source "ChessBase"]
[SourceDate "2021.07.31"]
[SourceVersion "1"]
[SourceVersionDate "2021.07.31"]
[SourceQuality "1"]

1. e4 e5 2. Nf3 Nf6 3. d4 Nxe4 4. Bd3 d5 5. dxe5 Nc6 6. 0-0 Bg4 7. Nbd2 Ng5 8. Be2 Bc5 9. Nxg5 Bxe2 10. Nxf7 Bxd1 11. Nxd8 Rxd8 12. Rxd1 0-0 13. Nf3 Rxf3 14. gxf3 Nxe5 15. Kg2 Rd6 16. Bf4 Rg6+ 17. Bg3 c6 18. Re1 Nc4 19. Re8+ Kf7 20. Rb8 b5 21. a4 h5 22. h4 a6 23. axb5 axb5 24. b3 Nd6 25. Ra6 Nf5 26. Kh3 Nd4 27. Rb7+ Kg8 28. Rc7 b4 29. f4 Rf6 30. Rc8+ Kh7 31. Kg2 Bd6 32. Rb6 Bc5 33. Rb7 Nxc2 34. Rcc7 Bf8 35. f5 Rxf5 36. Rxc6 Nd4 37. Rc8 Nxb3 38. Rbb8 Be7 39. Re8 Bc5 40. Rbc8 d4 41. Red8 Be7 42. Rd7 Bf6 43. Rb8 Nc5 44. Rb5 Kg6 45. Ra7 b3 46. Raa5 d3 47. Rxc5 d2 48. Rxf5 d1Q 49. Rfd5 Qc2 50. Rac5 Qe4+ 51. f3 Qe2+ 52. Bf2 b2 53. Rb5 Qc2 54. Rdc5 Qxc5 55. Bxc5 Kf5 56. Ba3+ Kf4 57. Bxb2 Bxb2 58. Rxb2 g5 59. Rb4+ Ke3 60. hxg5 h4 1-0

[Event "Anti Cheating Blitz Cup"]
[Site "Chess.com INT"]
[Date "2020.05.20"]
[Round "3"]
[White "Barp, Alberto"]
[Black "Carcamo, Matias"]
[Result "1/2-1/2"]
[WhiteElo "2375"]
[BlackElo "2103"]
[PlyCount "167"]
[EventDate "2020.05.20"]
[EventType "swiss (blitz)"]
[EventRounds "11"]
[EventCountry "USA"]
[SourceTitle "CBM 196 Extra"]
[Source "ChessBase"]
[SourceDate "2020.07.31"]
[SourceVersion "1"]
[SourceVersionDate "2020.07.31"]
[SourceQuality "1"]

1. d4 c6 2. c4 d5 3. Nf3 e6 4. Bg5 Nf6 5. e3 Be7 6. Nc3 0-0 7. Qc2 Nbd7 8. Rd1 h6 9. Bh4 b6 10. Bd3 Bb7 11. 0-0 Rc8 12. Rfe1 a6 13. h3 dxc4 14. Bxc4 b5 15. Bb3 Nd5 16. Bxe7 Nxe7 17. Ne4 Qc7 18. Rc1 c5 19. Nxc5 Bxf3 20. gxf3 Qa7 21. a3 Nxc5 22. dxc5 a5 23. Ba2 b4 24. Bb1 g6 25. axb4 axb4 26. Qc4 Nc6 27. f4 Qe7 28. Be4 Qf6 29. Bxc6 Rxc6 30. Qxb4 Rfc8 31. Qd4 Qf5 32. b4 Qxh3 33. Qe4 Kg7 34. Rc2 Ra6 35. b5 Ra5 36. Rb1 Qg4+ 37. Kf1 Rxb5 38. Rxb5 Qd1+ 39. Kg2 Qg4+ 40. Kh1 Qh3+ 41. Kg1 Qg4+ 42. Kh2 Qh4+ 43. Kg2 Qg4+ 44. Kh2 Qh4+ 45. Kg1 Qg4+ 46. Qg2 Qd1+ 47. Kh2 Qxc2 48. Qf3 h5 49. Rb7 Qxc5 50. Kg2 Rd8 51. Qe4 Qd5 52. Qxd5 Rxd5 53. Rb4 g5 54. Kg3 g4 55. Kh4 Kg6 56. f3 Rd1 57. Kg3 Rg1+ 58. Kf2 Rh1 59. fxg4 hxg4 60. Kg3 f5 61. Rb7 Rh3+ 62. Kf2 Kf6 63. Rb8 Rh2+ 64. Kg3 Rh3+ 65. Kf2 Rf3+ 66. Ke2 Ke7 67. Rg8 Kf7 68. Rd8 e5 69. Rd5 exf4 70. Rxf5+ Kg6 71. Rxf4 Rxf4 72. exf4 Kf5 73. Kf1 Kxf4 74. Kf2 Kg5 75. Kg3 Kf5 76. Kg2 Kf4 77. Kf2 Kg5 78. Kg3 Kh5 79. Kg2 Kh4 80. Kh2 g3+ 81. Kg2 Kg4 82. Kg1 Kf4 83. Kg2 Kg5 84. Kxg3 1/2-1/2

[Event "Anti Cheating Blitz Cup"]
[Site "Chess.com INT"]
[Date "2020.05.20"]
[Round "2"]
[White "Carcamo, Matias"]
[Black "Pichot, Alan"]
[Result "1-0"]
[WhiteElo "2103"]
[BlackElo "2630"]
[PlyCount "173"]
[EventDate "2020.05.20"]
[EventType "swiss (blitz)"]
[EventRounds "11"]
[EventCountry "USA"]
[SourceTitle "CBM 196 Extra"]
[Source "ChessBase"]
[SourceDate "2020.07.31"]
[SourceVersion "1"]
[SourceVersionDate "2020.07.31"]
[SourceQuality "1"]

1. e4 e5 2. Nf3 Nc6 3. Bb5 Nf6 4. d3 Bc5 5. 0-0 Nd4 6. Nxd4 Bxd4 7. c3 Bb6 8. Nd2 c6 9. Ba4 0-0 10. Nf3 d6 11. h3 h6 12. Re1 Re8 13. Be3 Bxe3 14. Rxe3 b5 15. Bb3 a5 16. a4 Qb6 17. axb5 cxb5 18. Nh4 a4 19. Ba2 b4 20. Bc4 a3 21. cxb4 Qxb4 22. bxa3 Rxa3 23. Rb1 Qc5 24. Rc1 Qa7 25. Rg3 Nxe4 26. dxe4 Rxg3 27. Qxd6 Rc3 28. Rxc3 Qa1+ 29. Kh2 Qxc3 30. Qc6 Kh7 31. Qxe8 Qxc4 32. Qxe5 f6 33. Qf4 g5 34. Qxf6 gxh4 35. Qe7+ Kg6 36. Qe8+ Kf6 37. Qf8+ Ke5 38. Qe7+ Be6 39. Qxh4 Qxe4 40. Qxh6 Bd5 41. f3 Qc4 42. Qg5+ Kd6 43. Qg3+ Kc6 44. Qg6+ Be6 45. Qg5 Qb3 46. Kg3 Qb8+ 47. Qf4 Qg8+ 48. Kh2 Bd5 49. Qg3 Qf7 50. Qg4 Kb5 51. Qg3 Bc6 52. Qg4 Ka6 53. Qg5 Kb7 54. Qg3 Qe6 55. Qg4 Qe2 56. Qg3 Kc8 57. Qg8+ Be8 58. Qg4+ Bd7 59. Qg3 Kb7 60. Kg1 Bc6 61. Kh2 Ka6 62. Qf4 Kb5 63. Qg3 Bd5 64. Qf4 Kc5 65. Qg3 Kc4 66. Kg1 Kb3 67. Qf2 Qd1+ 68. Kh2 Kc3 69. Qe3+ Kc4 70. Qf2 Kb5 71. Qg3 Bc4 72. Qe5+ Kb4 73. Qb2+ Kc5 74. Qe5+ Kb4 75. Qb2+ Bb3 76. Qe5 Ka3 77. Qe7+ Kb2 78. Qe5+ Kc2 79. Qe3 Bd5 80. Kg3 Qd2 81. Qxd2+ Kxd2 82. Kf4 Ke2 83. g4 Kf2 84. h4 Kg2 85. h5 Bxf3 86. h6 Bxg4 87. h7 1-0

[Event "Anti Cheating Blitz Cup"]
[Site "Chess.com INT"]
[Date "2020.05.20"]
[Round "6"]
[White "Gabuzyan, Hovhannes"]
[Black "Carcamo, Matias"]
[Result "0-1"]
[WhiteElo "2557"]
[BlackElo "2103"]
[PlyCount "132"]
[EventDate "2020.05.20"]
[EventType "swiss (blitz)"]
[EventRounds "11"]
[EventCountry "USA"]
[SourceTitle "CBM 196 Extra"]
[Source "ChessBase"]
[SourceDate "2020.07.31"]
[SourceVersion "1"]
[SourceVersionDate "2020.07.31"]
[SourceQuality "1"]

1. e4 c6 2. d4 d5 3. exd5 cxd5 4. Bd3 Nc6 5. c3 Nf6 6. Be3 g6 7. h3 Bg7 8. Qc2 0-0 9. Nf3 a6 10. 0-0 b5 11. Nbd2 Bb7 12. Nb3 Rc8 13. Nc5 Qc7 14. Rfe1 Nd7 15. Bf4 Qxf4 16. Nxd7 Rfd8 17. Nc5 Ba8 18. Nxa6 Nxd4 19. Nxd4 Bxd4 20. Bxb5 Bf6 21. Qc1 Qf5 22. Qb1 Qh5 23. Be2 Qh6 24. Qd3 e6 25. Bf3 Qg7 26. Rad1 d4 27. c4 Bxf3 28. Qxf3 Rxc4 29. b3 Rc3 30. Qe4 g5 31. Nb4 h5 32. Nd3 g4 33. hxg4 hxg4 34. g3 Qg5 35. Kg2 Bg7 36. Rh1 Kf8 37. Rh4 e5 38. Rxg4 Qf6 39. Rh1 Qc6 40. Qxc6 Rxc6 41. Rh7 Bf6 42. Rh6 Rc3 43. Nb4 Ke7 44. Re4 Ke6 45. f4 Kf5 46. Re1 Bg7 47. Rh5+ Ke6 48. fxe5 d3 49. Rd1 d2 50. Rhh1 Bxe5 51. Kf2 Bxg3+ 52. Ke2 Bf4 53. Rh4 Bg5 54. Re4+ Kf5 55. Rc4 Re8+ 56. Kf2 Rxc4 57. bxc4 Re4 58. Nd5 Re1 59. Nc3 Kg4 60. c5 f5 61. c6 Be3+ 62. Kg2 f4 63. Kh2 f3 64. Nd5 Bg1+ 65. Kh1 Bf2+ 66. Kh2 Bg3# 0-1

[Event "Mar del Plata op 50th"]
[Site "Mar del Plata"]
[Date "2019.04.17"]
[Round "6"]
[White "Kapitanchuk, Tomas"]
[Black "Carcamo, Matias"]
[Result "1/2-1/2"]
[WhiteElo "2215"]
[BlackElo "2052"]
[PlyCount "102"]
[EventDate "2019.04.13"]
[EventType "swiss"]
[EventRounds "9"]
[EventCountry "ARG"]
[SourceTitle "CBM 190 Extra"]
[Source "ChessBase"]
[SourceDate "2019.07.15"]
[SourceVersion "1"]
[SourceVersionDate "2019.07.15"]
[SourceQuality "1"]

1. e4 c6 2. d4 d5 3. exd5 cxd5 4. Bd3 Nc6 5. c3 Nf6 6. Bf4 e6 7. Nf3 Nh5 8. Be3 Bd6 9. Ne5 g6 10. f4 Qb6 11. Qe2 f5 12. 0-0 a6 13. a4 Nf6 14. Kh1 Ne7 15. a5 Qd8 16. Bf2 Ne4 17. Bh4 Bxe5 18. fxe5 h6 19. c4 Ng5 20. Qe3 dxc4 21. Bxc4 Nc6 22. Nc3 Qxd4 23. Bxg5 hxg5 24. Qxg5 Nxe5 25. Rae1 Rh5 26. Qf4 Qxf4 27. Rxf4 g5 28. Rd4 Nc6 29. Rdd1 Kf7 30. Na4 Rh6 31. Nb6 Rb8 32. b4 Ke7 33. Nd5+ Kf8 34. Nb6 e5 35. Nd7+ Bxd7 36. Rxd7 Rh4 37. Bd5 Rd4 38. h3 f4 39. b5 axb5 40. a6 Ne7 41. Rxb7 Ra8 42. Rxe7 Rxd5 43. R7xe5 Rxe5 44. Rxe5 Rxa6 45. Rxg5 Ra1+ 46. Kh2 Rf1 47. Rxb5 Kg7 48. h4 Kg6 49. Kh3 f3 50. Rg5+ Kh6 51. gxf3 Rxf3+ 1/2-1/2

[Event "ARG-ch sf 94th"]
[Site "Buenos Aires"]
[Date "2019.03.31"]
[Round "2"]
[White "Aramayo, Tomas"]
[Black "Carcamo, Matias"]
[Result "0-1"]
[WhiteElo "1542"]
[BlackElo "2052"]
[PlyCount "68"]
[EventDate "2019.03.30"]
[EventType "swiss"]
[EventRounds "9"]
[EventCountry "ARG"]
[SourceTitle "CBM 189 Extra"]
[Source "ChessBase"]
[SourceDate "2019.06.03"]
[SourceVersion "1"]
[SourceVersionDate "2019.06.03"]
[SourceQuality "1"]

1. d4 d5 2. c4 e6 3. Nc3 Nf6 4. Nf3 Be7 5. Bg5 0-0 6. e3 Nbd7 7. Qc2 b6 8. Rc1 c5 9. dxc5 Nxc5 10. cxd5 Nxd5 11. Bxe7 Nxe7 12. b4 Nd7 13. Bd3 h6 14. Be4 Rb8 15. Nb5 f5 16. Bd3 a6 17. Nc7 Nc5 18. bxc5 Qxc7 19. cxb6 Qxb6 20. 0-0 Bb7 21. Ne5 Rfc8 22. Qe2 Qd6 23. f4 Nd5 24. g4 Nc3 25. Qd2 Qd5 26. gxf5 exf5 27. Rf3 Ne4 28. Rxc8+ Rxc8 29. Qb2 Kh7 30. h4 Re8 31. Bxe4 Qxe4 32. Rh3 Rd8 33. Kh2 Qh1+ 34. Kg3 Qg1+ 0-1

[Event "Buenos Aires La Porta Cup"]
[Site "Buenos Aires"]
[Date "2019.03.29"]
[Round "9"]
[White "Garcia, Raimundo"]
[Black "Carcamo, Matias"]
[Result "1-0"]
[WhiteElo "2238"]
[BlackElo "2052"]
[PlyCount "61"]
[EventDate "2019.03.20"]
[EventType "swiss"]
[EventRounds "9"]
[EventCountry "ARG"]
[SourceTitle "CBM 189 Extra"]
[Source "ChessBase"]
[SourceDate "2019.06.03"]
[SourceVersion "1"]
[SourceVersionDate "2019.06.03"]
[SourceQuality "1"]

1. Nf3 Nf6 2. c4 e6 3. g3 d5 4. Bg2 Be7 5. 0-0 0-0 6. d4 Nbd7 7. Qc2 a6 8. Nbd2 c5 9. cxd5 Nxd5 10. a3 b5 11. e4 N5b6 12. Nb3 Na4 13. Nxc5 Naxc5 14. dxc5 Nxc5 15. Rd1 Qe8 16. Be3 Nd7 17. Rac1 Nf6 18. Ne5 Bb7 19. Qc7 Bxe4 20. Bxe4 Nxe4 21. Nd7 Rc8 22. Qe5 Rxc1 23. Bxc1 Nf6 24. Nxf8 Bxf8 25. Bg5 Ng4 26. Qf4 f5 27. h3 Nf6 28. Bxf6 gxf6 29. Qc7 Be7 30. Qd7 Kf7 31. Rd6 1-0

[Event "Buenos Aires Szmetan Giardelli op"]
[Site "Buenos Aires"]
[Date "2018.12.12"]
[Round "9"]
[White "Fernandez, Maria Florencia"]
[Black "Carcamo, Matias"]
[Result "1-0"]
[WhiteElo "2249"]
[BlackElo "2023"]
[PlyCount "109"]
[EventDate "2018.12.04"]
[EventType "swiss"]
[EventRounds "9"]
[EventCountry "ARG"]
[SourceTitle "CBM 187 Extra"]
[Source "ChessBase"]
[SourceDate "2018.11.04"]
[SourceVersion "1"]
[SourceVersionDate "2018.11.04"]
[SourceQuality "1"]

1. d4 c6 2. c4 d5 3. Nc3 Nf6 4. Nf3 e6 5. e3 Be7 6. Bd3 Nbd7 7. b3 0-0 8. 0-0 b6 9. Bb2 Bb7 10. e4 dxe4 11. Nxe4 c5 12. Qe2 Nxe4 13. Bxe4 Bxe4 14. Qxe4 Bf6 15. Rad1 Qc7 16. Rd2 cxd4 17. Bxd4 Nc5 18. Qe3 Bxd4 19. Nxd4 Rad8 20. Rfd1 a6 21. b4 Nb7 22. Qe4 Rd6 23. Nf3 Rfd8 24. Rxd6 Nxd6 25. Qe2 h6 26. Rc1 Nf5 27. c5 Qf4 28. Rc4 Qc7 29. Rc2 bxc5 30. Rxc5 Qf4 31. a3 Nd4 32. Nxd4 Qxd4 33. Rc1 Qd3 34. Qxd3 Rxd3 35. Ra1 Kf8 36. Kf1 Ke7 37. Ke2 Rb3 38. Ra2 Kd6 39. Kd2 Rb1 40. Kc2 Rf1 41. Kb3 Kc6 42. Ka4 Kb6 43. Rd2 g5 44. Rd6+ Kc7 45. Rxa6 Rxf2 46. Ka5 Kb7 47. Rb6+ Kc7 48. Ra6 e5 49. b5 e4 50. b6+ Kd6 51. b7+ Kc7 52. Rb6 Kb8 53. Ka6 Ra2 54. Rb3 f5 55. Rc3 1-0

[Event "Buenos Aires Szmetan Giardelli op"]
[Site "Buenos Aires"]
[Date "2018.12.10"]
[Round "7"]
[White "Carcamo, Matias"]
[Black "Cimer, Emanuel"]
[Result "1/2-1/2"]
[WhiteElo "2023"]
[BlackElo "2236"]
[PlyCount "130"]
[EventDate "2018.12.04"]
[EventType "swiss"]
[EventRounds "9"]
[EventCountry "ARG"]
[SourceTitle "CBM 187 Extra"]
[Source "ChessBase"]
[SourceDate "2018.11.04"]
[SourceVersion "1"]
[SourceVersionDate "2018.11.04"]
[SourceQuality "1"]

1. e4 c5 2. Nc3 Nc6 3. g3 g6 4. Bg2 Bg7 5. d3 d6 6. f4 e6 7. Nf3 Nge7 8. Be3 Nd4 9. 0-0 0-0 10. Rb1 Rb8 11. Ne2 Nxf3+ 12. Bxf3 b6 13. c3 Qc7 14. g4 f5 15. Ng3 d5 16. e5 Ba6 17. Rf2 Qd7 18. d4 cxd4 19. cxd4 Rbc8 20. gxf5 exf5 21. Rc1 Rxc1 22. Qxc1 Bd3 23. Qc3 Be4 24. Qb3 Kh8 25. Be2 h5 26. Bb5 Qe6 27. Bd3 Qd7 28. Bb5 Qd8 29. Bd2 a5 30. a3 Ng8 31. Nxe4 fxe4 32. f5 Rxf5 33. Rxf5 gxf5 34. Qh3 Bh6 35. Qxh5 Qf8 36. Bg5 Kg7 37. Be8 Bxg5 38. Qxg5+ Kh8 39. Bg6 Qh6 40. Qxh6+ Nxh6 41. e6 Ng8 42. Bxf5 Kg7 43. Kf2 Kf6 44. Bh3 Ne7 45. Ke3 Kg5 46. a4 Nc8 47. e7 Nxe7 48. Be6 Nf5+ 49. Kd2 Nxd4 50. Bxd5 Kf4 51. Kc3 e3 52. Bc4 Nf3 53. h3 Kg3 54. b3 Kf2 55. Bb5 Nh4 56. Kd4 e2 57. Bxe2 Kxe2 58. Kc4 Kd2 59. b4 Ke3 60. bxa5 bxa5 61. Kb5 Kd4 62. Kxa5 Kc5 63. Ka6 Kc6 64. a5 Nf3 65. Ka7 Kc7 1/2-1/2

[Event "Buenos Aires Szmetan Giardelli op"]
[Site "Buenos Aires"]
[Date "2018.12.09"]
[Round "6"]
[White "Decoppet, Nestor"]
[Black "Carcamo, Matias"]
[Result "0-1"]
[WhiteElo "1783"]
[BlackElo "2023"]
[PlyCount "46"]
[EventDate "2018.12.04"]
[EventType "swiss"]
[EventRounds "9"]
[EventCountry "ARG"]
[SourceTitle "CBM 187 Extra"]
[Source "ChessBase"]
[SourceDate "2018.11.04"]
[SourceVersion "1"]
[SourceVersionDate "2018.11.04"]
[SourceQuality "1"]

1. e4 c6 2. d4 d5 3. e5 e6 4. Nf3 c5 5. c3 Nc6 6. Be2 Qb6 7. dxc5 Bxc5 8. b4 Bxf2+ 9. Kf1 Be3 10. Nbd2 Nge7 11. b5 Na5 12. Ba3 Nf5 13. g4 Bxd2 14. Qxd2 Ne3+ 15. Ke1 Nac4 16. Bxc4 Nxc4 17. Qc1 Nxa3 18. Qxa3 Qe3+ 19. Kd1 Qxf3+ 20. Kc2 Qe2+ 21. Kb3 Qxb5+ 22. Kc2 Qe2+ 23. Kb3 Qxg4 0-1

[Event "Buenos Aires Szmetan Giardelli op"]
[Site "Buenos Aires"]
[Date "2018.12.05"]
[Round "2"]
[White "Carcamo, Matias"]
[Black "Sanhueza, Cristian"]
[Result "1/2-1/2"]
[WhiteElo "2023"]
[BlackElo "2267"]
[PlyCount "122"]
[EventDate "2018.12.04"]
[EventType "swiss"]
[EventRounds "9"]
[EventCountry "ARG"]
[SourceTitle "CBM 187 Extra"]
[Source "ChessBase"]
[SourceDate "2018.11.04"]
[SourceVersion "1"]
[SourceVersionDate "2018.11.04"]
[SourceQuality "1"]

1. e4 e5 2. Nf3 Nc6 3. Bb5 a6 4. Ba4 Nf6 5. 0-0 Nxe4 6. Re1 Nc5 7. Bxc6 dxc6 8. Nxe5 Be7 9. d4 Ne6 10. c3 0-0 11. Qb3 a5 12. Be3 a4 13. Qc4 g6 14. Nd2 Ng7 15. Ndf3 Be6 16. Qe2 Nf5 17. Bf4 Re8 18. Qc2 Nh4 19. Nxh4 Bxh4 20. Nf3 Be7 21. Qd2 Bd5 22. Ne5 f6 23. Nd3 Bd6 24. Rxe8+ Qxe8 25. Re1 Qf7 26. a3 Re8 27. f3 Bc4 28. Bxd6 cxd6 29. Rxe8+ Qxe8 30. Kf2 Kf7 31. Qe3 Qd8 32. Nc1 Qb6 33. Qd2 Qb5 34. Ne2 Qh5 35. Ng3 Qh4 36. Kg1 f5 37. f4 Qe7 38. Kf2 Qh4 39. Kg1 Qe7 40. Kf2 h5 41. Qe3 Qd8 42. Ne2 Qh4+ 43. Qg3 Qd8 44. Qe3 Qh4+ 45. Qg3 Qd8 46. Qe3 Bxe2 47. Kxe2 Qb6 48. Qd2 Qb5+ 49. Kf2 Qc4 50. Qe2 Qa2 51. Kg3 Qd5 52. h3 Qa2 53. Kh4 Qd5 54. Kg3 Qe4 55. Qxe4 fxe4 56. Kh4 d5 57. g4 Kf6 58. Kg3 b6 59. Kf2 g5 60. f5 hxg4 61. hxg4 Kf7 1/2-1/2

[Event "ARG-ch U2000"]
[Site "Tacuari"]
[Date "2018.11.16"]
[Round "1"]
[White "Soria, Angel"]
[Black "Carcamo, Matias"]
[Result "0-1"]
[WhiteElo "1847"]
[BlackElo "1989"]
[PlyCount "80"]
[EventDate "2018.11.16"]
[EventType "swiss"]
[EventRounds "8"]
[EventCountry "ARG"]
[SourceTitle "EXT 2020"]
[Source "ChessBase"]
[SourceDate "2019.10.17"]
[SourceVersion "1"]
[SourceVersionDate "2019.10.17"]
[SourceQuality "1"]

1. g4 d5 2. h3 e5 3. Bg2 c6 4. d3 Be6 5. e4 Bc5 6. Ne2 h5 7. g5 h4 8. Ng1 Be7 9. Nf3 dxe4 10. dxe4 Qxd1+ 11. Kxd1 Nd7 12. b3 0-0-0 13. Ke2 Bd6 14. Be3 Ne7 15. Rd1 Bc7 16. a4 Ng6 17. Kf1 Nf4 18. Bxf4 exf4 19. Nc3 Ne5 20. Ng1 f3 21. Bxf3 Nxf3 22. Nxf3 Bxh3+ 23. Ke2 Bg4 24. Rxd8+ Kxd8 25. Rg1 Bd7 26. Ke3 h3 27. Nd4 h2 28. Rh1 Rh3+ 29. f3 Bg4 30. Nce2 c5 31. Kf2 cxd4 32. fxg4 d3 33. cxd3 Rxd3 34. b4 Rb3 35. g6 fxg6 36. b5 Ke7 37. Rc1 Bb6+ 38. Kg2 Rb2 39. Kf3 Rxe2 40. Kxe2 Bg1 0-1

[Event "ARG-chT"]
[Site "Villa Martelli"]
[Date "2016.11.19"]
[Round "9.7"]
[White "Carcamo, Matias"]
[Black "Sica, Mauro"]
[Result "0-1"]
[WhiteElo "2006"]
[BlackElo "2148"]
[PlyCount "56"]
[EventDate "2016.09.24"]
[EventType "team-swiss"]
[EventRounds "9"]
[EventCountry "ARG"]
[SourceTitle "EXT 2018"]
[Source "ChessBase"]
[SourceDate "2017.10.13"]
[SourceVersion "1"]
[SourceVersionDate "2017.10.13"]
[SourceQuality "1"]
[WhiteTeam "La Banda del Oeste"]
[BlackTeam "Mar del Plata"]
[WhiteTeamCountry "ARG"]
[BlackTeamCountry "ARG"]

1. e4 c5 2. Nc3 Nc6 3. g3 g6 4. Bg2 Bg7 5. d3 e6 6. f4 Nge7 7. Nf3 0-0 8. 0-0 d6 9. Be3 Nd4 10. Rb1 Rb8 11. Ne2 Nxe2+ 12. Qxe2 Nc6 13. c3 b6 14. Rfd1 d5 15. d4 c4 16. Ne5 Ne7 17. exd5 exd5 18. b3 f6 19. bxc4 fxe5 20. cxd5 exd4 21. Bxd4 Bxd4+ 22. Rxd4 Nf5 23. Ra4 Re8 24. Qc4 Nd6 25. Qd4 Rb7 26. c4 Bf5 27. Rc1 Rc7 28. h3 Qd7 0-1